Homo deus : breve historia del mañana /
Guardado en:
| Autor Principal: | |
|---|---|
| Otros Autores: | |
| Formato: | Libro |
| Idioma: | Spanish |
| Publicado: |
Ciudad Autónoma de Buenos Aires :
Debate,
2020.
|
| Edición: | 16a. ed. |
| Series: | Debate
|
| Materias: | |
| Etiquetas: |
Agregar Etiqueta
Sin Etiquetas, Sea el primero en etiquetar este registro!
|
| LEADER | 00926nam a22002295a 4500 | ||
|---|---|---|---|
| 001 | DER.der014731 | ||
| 008 | 220621s2020####ag#######b####000#0#spa#d | ||
| 005 | 20240710082745.0 | ||
| 245 | 1 | 0 | |a Homo deus : |b breve historia del mañana / |c Yuval Noah Harari ; traducción de Joandomènec Ros. |
| 250 | |a 16a. ed. | ||
| 260 | |a Ciudad Autónoma de Buenos Aires : |b Debate, |c 2020. | ||
| 300 | |a 496 p. | ||
| 490 | 1 | |a Debate | |
| 500 | |a Título original: Homo deus : a brief history of tomorrow; publicado originariamente en hebreo por Kinneret Zmora-Bitan Dvir, 2015. | ||
| 505 | 0 | |a Homo Sapiens conquista el mundo -- Homo sapiens da sentido al mundo -- Homo sapiens pierde el control | |
| 020 | |a 9789873752629 | ||
| 100 | 1 | |a Harari, Yuval N. | |
| 700 | 1 | |a Ros, Joandomènec., |e trad. | |
| 650 | 7 | |a Civilización |2 UNBIS | |
| 650 | 7 | |a Prospectiva |2 UNBIS | |
| 650 | 7 | |a ensayos literarios |2 SAIJ | |
| 859 | |a DERECHO |b BIB. DERECHO |h 904 |i HAR |p 0010075 | ||
